[Event "World Junior U20 Girls 2018"]
[Site "Gebze"]
[Date "2018.09.10"]
[Round "6"]
[White "Kubicka, Anna"]
[Black "De Silva, Tenara"]
[Result "1-0"]
[WhiteElo "2204"]
[BlackElo "1764"]
[Annotator "TA"]
[PlyCount "59"]
[EventDate "2018.09.05"]
[EventType "swiss"]
[EventCountry "TUR"]
[SourceTitle "playchess.com"]
[Source "ChessBase"]
[SourceQuality "1"]

{[%evp 12,59,79,58,75,51,60,40,48,47,65,29,25,-26,60,65,58,55,87,88,100,109,141,123,127,144,300,299,312,310,289,290,287,281,351,341,641,365,760,741,728,534,678,568,1327,714,1130,1175,1164,1164]} 1. Nf3 Nf6 2. c4 g6 3. Nc3 Bg7 4. e4 d6 5. d4 O-O 6. h3 Nc6 7. Be3 a6 {E90: King's Indian: Classical: Early deviations and 6 h3} (7... e5 8. d5 Ne7 9. g4 a5 10. Nd2 c6 11. Be2 b5 12. g5 Ne8 13. cxb5 cxd5 14. Nxd5 Nxd5 15. exd5 f5 16. f3 f4 17. Bf2 Qxg5 {0-1 (36) Mkrtchian,L (2376)-Vijayalakshmi,S (2357) Riadh 2017}) 8. Be2 e5 9. d5 Ne7 {White is slightly better.} 10. g4 c6 11. Nd2 $146 ({Predecessor:} 11. a4 Qa5 12. Nd2 h6 13. Kf1 Qc7 14. Rc1 c5 15. g5 hxg5 16. Nf3 g4 17. Ng5 gxh3 18. Nxh3 {0-1 (36) Den Hartog,M (2227)-Van Dael,S (2051) Assen 2017}) 11... b5 12. dxc6 (12. g5 $142 Ne8 13. dxc6 (13. cxb5 cxd5 14. exd5 axb5 $11)) 12... b4 ({Better is} 12... Nxc6 $11 13. g5 (13. cxb5 Nd4 $11) 13... Ne8) 13. c7 $36 {[%mdl 2048] White is more active.} Qxc7 14. Nd5 Nexd5 15. cxd5 Bb7 16. Rc1 Qd8 17. g5 Nd7 18. Nc4 Nc5 $2 {[#]} (18... Qe7 $16) 19. Nxd6 $1 $18 {[%mdl 512]} Qxd6 20. Bxc5 Qd8 21. Bxf8 Bxf8 22. h4 {[%cal Bh3h4,Bh4h5][%mdl 32]} Qa5 23. Qb3 Bc5 $2 {[#]} (23... Qd8 24. Qf3 a5) 24. Kf1 Rf8 $2 (24... Bf8 25. Kg2 Re8) 25. h5 {White is clearly winning.} Bc8 26. Rh2 Bd7 27. Qg3 Be7 28. Qxe5 Qd8 29. hxg6 fxg6 30. d6 {Precision: White = 54%, Black = 18%.} 1-0

[Event "World Junior U20 Girls 2018"]
[Site "Gebze"]
[Date "2018.09.10"]
[Round "6"]
[White "Beydullayeva, Govhar"]
[Black "Yang, Yijing"]
[Result "1/2-1/2"]
[WhiteElo "2202"]
[BlackElo "2018"]
[Annotator "NA"]
[PlyCount "96"]
[EventDate "2018.09.05"]
[EventType "swiss"]
[EventCountry "TUR"]
[SourceTitle "playchess.com"]
[Source "ChessBase"]
[SourceQuality "1"]
[TimeControl "40/5400+30:1800+30"]

1. Nf3 {[%emt 0:00:30]} Nf6 {[%emt 0:00:30]} 2. g3 {[%emt 0:00:00]} g6 {[%emt 0:00:30]} 3. Bg2 {[%emt 0:00:00]} Bg7 {[%emt 0:00:00]} 4. O-O {[%emt 0:00:30]} O-O {[%emt 0:00:00]} 5. c4 {[%emt 0:00:30]} c6 {[%emt 0:00:30]} 6. h3 {[%emt 0:07:30]} d5 {[%emt 0:01:30]} 7. b3 {[%emt 0:00:30]} Nfd7 {[%emt 0:09:30]} 8. d4 {[%emt 0:02:30]} dxc4 {[%emt 0:01:30]} 9. bxc4 {[%emt 0:00:30]} e5 {[%emt 0:00:00]} 10. e3 {[%emt 0:10:30]} exd4 {[%emt 0:05:00]} 11. exd4 {[%emt 0:00:00]} c5 {[%emt 0:00:30]} 12. Nc3 {[%emt 0:07:00]} (12. Bg5 $5 {[%cal Rg5d8]} Qa5 13. Nbd2 $14) 12... Nc6 {[%emt 0:01:30]} 13. Bg5 {[%emt 0:15:30]} Qa5 {[%emt 0:05:30]} 14. Nb5 {[%emt 0:02:30]} a6 {[%emt 0:08:30]} 15. d5 {[%emt 0:09:30]} axb5 {[%emt 0:05:30]} 16. dxc6 {[%emt 0:00:30]} bxc6 {[%emt 0:00:00]} 17. Rc1 {[%emt 0:05:30]} Qxa2 {[%emt 0:05:00]} 18. Ne1 {[%emt 0:01:30]} Ra6 {[%emt 0:01:30]} 19. cxb5 {[%emt 0:04:30]} cxb5 {[%emt 0:00:30]} 20. Be7 $19 {[%emt 0:00:30]} (20. Nd3 $17 {is a better defense.}) 20... Re8 {[%emt 0:00:30]} 21. Bxc5 {[%emt 0:00:00]} Nxc5 {[%emt 0:00:30]} 22. Rxc5 {[%emt 0:00:00]} Be6 {[%emt 0:04:30]} 23. Nc2 {[%emt 0:07:30]} Rb6 {[%emt 0:05:30]} 24. Ne3 {[%emt 0:07:26]} Qa3 {[%emt 0:07:30]} 25. Rc1 {[%emt 0:06:01]} Rd6 {[%emt 0:12:30]} 26. Qf3 {[%emt 0:01:09]} b4 {[%emt 0:01:30]} 27. Qb7 {[%emt 0:02:37]} Bh6 {[%emt 0:06:46]} 28. Nc4 {[%emt 0:01:18]} Bxc4 {[%emt 0:03:12]} 29. Rxc4 {[%emt 0:00:00]} Bd2 {[%emt 0:00:35]} 30. Bd5 {[%emt 0:03:51]} Rf6 {[%emt 0:00:00]} 31. Rc7 {[%emt 0:02:21]} Rf8 {[%emt 0:02:04]} 32. Rc2 {[%emt 0:00:00]} Bg5 {[%emt 0:04:03]} 33. h4 {[%emt 0:00:49]} Bh6 {[%emt 0:06:23]} 34. Rb1 {[%emt 0:00:26]} Qa6 {[%emt 0:01:26]} 35. Qxa6 {[%emt 0:02:02]} Rxa6 {[%emt 0:00:30]} 36. Rxb4 {[%emt 0:00:00]} Ra7 {[%emt 0:00:28]} 37. g4 {[%emt 0:00:40]} Rd7 {[%emt 0:00:19]} 38. Ba2 {[%emt 0:00:57]} Rd2 {[%emt 0:00:53]} 39. Rxd2 {[%emt 0:00:30]} Bxd2 {[%emt 0:00:00]} 40. Rb7 {[%emt 0:00:00]} h6 {[%emt 0:00:00]} 41. Rd7 {[%emt 0:06:53]} Bf4 {[%emt 0:00:51]} 42. Kg2 {[%emt 0:00:30]} g5 {[%emt 0:00:30]} 43. h5 {[%emt 0:01:30]} Kg7 {[%emt 0:00:30]} 44. Kf3 {[%emt 0:00:00]} Kf6 {[%emt 0:01:30]} 45. Rb7 {[%emt 0:00:00]} Kg7 {[%emt 0:00:30]} 46. Bd5 {[%emt 0:00:30]} Kf6 {[%emt 0:00:30]} 47. Ke4 {[%emt 0:00:30]} Re8+ {[%emt 0:00:00]} 48. Kd3 {[%emt 0:00:30]} Re7 {[%emt 0:00:00]} 1/2-1/2

[Event "World Junior U20 Girls 2018"]
[Site "Gebze"]
[Date "2018.09.10"]
[Round "6"]
[White "Chu, Ruotong"]
[Black "Gorti, Akshita"]
[Result "0-1"]
[WhiteElo "2199"]
[BlackElo "2315"]
[Annotator "NA"]
[PlyCount "60"]
[EventDate "2018.09.05"]
[EventType "swiss"]
[EventCountry "TUR"]
[SourceTitle "playchess.com"]
[Source "ChessBase"]
[SourceQuality "1"]
[TimeControl "40/5400+30:1800+30"]

1. d4 {[%emt 0:04:30]} e6 {[%emt 0:00:30]} 2. c4 {[%emt 0:00:30]} Nf6 {[%emt 0:00:00]} 3. Nc3 {[%emt 0:01:30]} Bb4 {[%emt 0:00:00]} 4. Qc2 {[%emt 0:04:30]} b6 {[%emt 0:01:30]} 5. e4 {[%emt 0:00:00]} c5 {[%emt 0:00:30]} 6. e5 {[%emt 0:17:00] E32: Nimzo-Indian: Classical (4 Qc2): 4...0-0} (6. d5 exd5 7. exd5 Qe7+ 8. Nge2 O-O 9. Bd2 d6 10. O-O-O Ng4 11. Be1 Nd7 12. Ng3 Ndf6 13. h3 Ne5 {1-0 (35) Zhou,J (2597)-Wei,Y (2743) Shenzhen 2017}) 6... cxd4 {[%emt 0:00:30]} 7. a3 {[%emt 0:00:00]} Bxc3+ {[%emt 0:01:30]} 8. bxc3 {[%emt 0:01:00]} Ng8 {[%emt 0:00:30]} 9. cxd4 {[%emt 0:06:30] LiveBook: 19 Games} Bb7 {[%emt 0:00:30]} 10. Nf3 {[%emt 0:06:30]} Bxf3 {[%emt 0:04:30]} 11. gxf3 {[%emt 0:00:30]} Nc6 {[%emt 0:02:30]} 12. Bb2 {[%emt 0:01:30]} Nge7 {[%emt 0:06:30]} 13. f4 $146 {[%emt 0:04:30]} ({Predecessor:} 13. Bd3 Rc8 {½-½ (27) Torma,R (2499)-Kozak,A (2361) Budapest 2017}) 13... Rc8 {[%emt 0:03:30]} 14. Rg1 {[%emt 0:19:30]} Ng6 {[%emt 0:08:30]} 15. f5 {[%emt 0:12:56]} Nh4 {[%emt 0:04:30]} 16. Qd3 $17 {[%emt 0:05:31]} Nxf5 {[%emt 0:02:30]} 17. Bh3 {[%emt 0:00:36]} Nce7 {[%emt 0:21:30]} 18. d5 {[%emt 0:00:16]} O-O {[%emt 0:01:30]} 19. a4 {[%emt 0:06:34]} Ng6 {[%emt 0:04:30]} 20. Qc3 {[%emt 0:02:09]} Re8 {[%emt 0:06:30]} 21. Kf1 {[%emt 0:01:15]} Qh4 {[%emt 0:11:02]} 22. Bxf5 {[%emt 0:00:23]} Rxc4 {[%emt 0:03:27]} 23. Qh3 {[%emt 0:02:04]} exf5 {[%emt 0:00:19]} 24. Qxh4 {[%emt 0:00:38]} Rxh4 {[%emt 0:00:13]} 25. a5 {[%emt 0:00:27]} Rb4 {[%emt 0:01:46]} 26. Bc3 {[%emt 0:01:18]} Rb3 {[%emt 0:00:31]} 27. Rg3 {[%emt 0:00:23]} f4 {[%emt 0:00:30]} 28. Rh3 {[%emt 0:00:46]} Rc8 {[%emt 0:01:17]} 29. axb6 {[%emt 0:00:45]} axb6 {[%emt 0:00:05]} 30. d6 {[%emt 0:00:27]} Rbxc3 {[%emt 0:00:34]} 0-1

[Event "World Junior U20 Girls 2018"]
[Site "Gebze"]
[Date "2018.09.10"]
[Round "6"]
[White "Schneider, Jana"]
[Black "Potapova, Margarita"]
[Result "0-1"]
[WhiteElo "2190"]
[BlackElo "2277"]
[Annotator "ChessBase"]
[PlyCount "136"]
[EventDate "2018.09.05"]
[EventType "swiss"]
[EventCountry "TUR"]
[SourceTitle "playchess.com"]
[Source "ChessBase"]
[SourceQuality "1"]
[TimeControl "40/5400+30:1800+30"]

1. e4 {[%emt 0:00:30]} c5 {[%emt 0:00:30]} 2. Nf3 {[%emt 0:00:00]} d6 {[%emt 0:00:30]} 3. Bb5+ {[%emt 0:00:00]} Nd7 {[%emt 0:00:30]} 4. O-O {[%emt 0:00:30]} Ngf6 {[%emt 0:00:30]} 5. Re1 {[%emt 0:00:00]} a6 {[%emt 0:00:30]} 6. Bd3 {[%emt 0:00:00]} b5 {[%emt 0:00:30]} 7. c4 {[%emt 0:00:30]} g5 {[%emt 0:00:30]} 8. Nxg5 {[%emt 0:00:00]} Ne5 {[%emt 0:00:30]} 9. Bf1 {[%emt 0:00:00]} bxc4 {[%emt 0:00:30]} 10. d4 {[%emt 0:00:30]} cxd3 {[%emt 0:00:30]} 11. f4 {[%emt 0:00:30]} Bg4 {[%emt 0:06:30]} 12. Qd2 {[%emt 0:00:30]} Nc6 {[%emt 0:08:30]} 13. Qxd3 {[%emt 0:01:30]} h6 {[%emt 0:05:30]} 14. Nf3 {[%emt 0:00:30]} Nb4 {[%emt 0:07:30]} 15. Qd1 {[%emt 0:03:30]} Bxf3 {[%emt 0:06:30]} 16. gxf3 {[%emt 0:00:30]} Bg7 {[%emt 0:17:30]} 17. Nc3 {[%emt 0:01:30]} O-O {[%emt 0:02:30]} 18. Be3 {[%emt 0:06:30]} Nc6 {[%emt 0:04:30]} 19. Kh1 {[%emt 0:04:30]} Nd7 {[%emt 0:04:30]} 20. Bd3 {[%emt 0:07:30]} e6 {[%emt 0:02:30]} 21. Rg1 {[%emt 0:02:30]} Kh8 {[%emt 0:02:30]} 22. Qd2 {[%emt 0:03:30]} Nd4 {[%emt 0:02:30]} 23. Rg3 {[%emt 0:01:30]} Rg8 {[%emt 0:04:30]} 24. f5 {[%emt 0:10:30]} Qh4 {[%emt 0:05:50]} 25. Bf1 {[%emt 0:06:30]} Qf6 {[%emt 0:03:27]} 26. Rh3 {[%emt 0:03:30]} Kh7 {[%emt 0:01:38]} 27. Bd3 {[%emt 0:09:30]} Ne5 {[%emt 0:02:16]} 28. Rf1 {[%emt 0:11:30]} Bf8 {[%emt 0:00:41]} 29. b3 {[%emt 0:05:30]} a5 {[%emt 0:03:45]} 30. Bb1 {[%emt 0:00:30]} Ndc6 {[%emt 0:03:16]} 31. Ne2 {[%emt 0:06:37]} a4 {[%emt 0:00:53]} 32. Ng3 {[%emt 0:01:21]} axb3 {[%emt 0:00:23]} 33. axb3 {[%emt 0:00:30]} Ra1 {[%emt 0:01:19]} 34. Nh5 {[%emt 0:06:06]} Qd8 {[%emt 0:00:04]} 35. f6 {[%emt 0:01:20]} Rg6 {[%emt 0:01:37]} 36. f4 {[%emt 0:00:41]} Ng4 {[%emt 0:00:24]} 37. Qe2 {[%emt 0:06:50]} Qa8 {[%emt 0:00:49]} 38. Qf3 {[%emt 0:00:44]} Nxe3 {[%emt 0:01:08]} 39. Qxe3 {[%emt 0:00:30]} Nd4 {[%emt 0:00:00]} 40. Rg3 {[%emt 0:00:00]} Nf5 {[%emt 0:00:00]} 41. Qf3 {[%emt 0:04:51]} Nxg3+ {[%emt 0:02:30]} 42. hxg3 {[%emt 0:06:30]} Kh8 {[%emt 0:02:30]} 43. g4 {[%emt 0:05:24]} Qb7 {[%emt 0:08:30]} 44. Kh2 {[%emt 0:02:57]} c4 {[%emt 0:00:50]} 45. Qc3 {[%emt 0:02:57]} Ra3 {[%emt 0:02:00]} 46. Qxc4 {[%emt 0:00:27]} Rxb3 {[%emt 0:01:03]} 47. Bc2 {[%emt 0:01:05]} Rb2 {[%emt 0:00:36]} 48. Kh3 {[%emt 0:03:34]} Rg8 {[%emt 0:02:58]} 49. Ng3 {[%emt 0:06:21]} Qb5 {[%emt 0:04:06]} 50. Qxb5 {[%emt 0:01:00]} Rxb5 {[%emt 0:00:02]} 51. Ba4 {[%emt 0:00:00]} Rb7 {[%emt 0:00:57]} 52. Be8 {[%emt 0:01:01]} Kh7 {[%emt 0:00:54]} 53. Nh5 {[%emt 0:00:38]} d5 {[%emt 0:00:43]} 54. exd5 {[%emt 0:00:52]} exd5 {[%emt 0:00:03]} 55. Rd1 {[%emt 0:00:23]} Rb3+ {[%emt 0:00:18]} 56. Ng3 {[%emt 0:00:33]} Bd6 {[%emt 0:01:16]} 57. Bxf7 {[%emt 0:00:14]} Bxf4 {[%emt 0:01:53]} 58. Bxg8+ {[%emt 0:00:30]} Kxg8 {[%emt 0:00:30]} 59. Rg1 {[%emt 0:00:00]} Kf7 {[%emt 0:00:00]} 60. Kh4 {[%emt 0:00:17]} Bxg3+ {[%emt 0:00:36]} 61. Rxg3 {[%emt 0:00:30]} Rxg3 {[%emt 0:00:30]} 62. Kxg3 {[%emt 0:00:00]} Kxf6 {[%emt 0:00:00]} 63. Kf4 {[%emt 0:00:00]} Ke6 {[%emt 0:00:15]} 64. Kf3 {[%emt 0:00:20]} Ke5 {[%emt 0:00:44]} 65. Ke3 {[%emt 0:00:30]} d4+ {[%emt 0:00:00]} 66. Kf3 {[%emt 0:00:19]} Kd5 {[%emt 0:00:00]} 67. Kf4 {[%emt 0:00:29]} Kc4 {[%emt 0:01:13]} 68. Kf5 {[%emt 0:00:46]} d3 {[%emt 0:00:30]} 0-1

[Event "World Junior U20 Girls 2018"]
[Site "Gebze"]
[Date "2018.09.10"]
[Round "6"]
[White "Pychova, Nela"]
[Black "Hu, Yu A"]
[Result "1-0"]
[WhiteElo "2173"]
[BlackElo "2009"]
[Annotator "ChessBase"]
[PlyCount "125"]
[EventDate "2018.09.05"]
[EventType "swiss"]
[EventCountry "TUR"]
[SourceTitle "playchess.com"]
[Source "ChessBase"]
[SourceQuality "1"]
[TimeControl "40/5400+30:1800+30"]

1. Nf3 {[%emt 0:00:30]} Nf6 {[%emt 0:01:30]} 2. g3 {[%emt 0:00:30]} e6 {[%emt 0:00:30]} 3. Bg2 {[%emt 0:00:00]} d5 {[%emt 0:00:00]} 4. O-O {[%emt 0:00:00]} Be7 {[%emt 0:03:00]} 5. d3 {[%emt 0:00:30]} O-O {[%emt 0:02:30]} 6. Nbd2 {[%emt 0:00:30]} c5 {[%emt 0:00:00]} 7. e4 {[%emt 0:02:30]} Nc6 {[%emt 0:00:00]} 8. Re1 {[%emt 0:01:30]} b5 {[%emt 0:01:30]} 9. e5 {[%emt 0:08:30]} Nd7 {[%emt 0:00:30]} 10. Nf1 {[%emt 0:00:00]} Bb7 {[%emt 0:00:30]} 11. h4 {[%emt 0:03:00]} a5 {[%emt 0:05:30]} 12. N1h2 {[%emt 0:16:30]} b4 {[%emt 0:08:30]} 13. Qd2 {[%emt 0:04:30]} Qc7 {[%emt 0:15:30]} 14. Qf4 {[%emt 0:06:30]} a4 {[%emt 0:03:30]} 15. h5 {[%emt 0:12:30]} Ba6 {[%emt 0:12:30]} 16. Bf1 {[%emt 0:01:30]} Bb7 {[%emt 0:19:30]} 17. Ng4 {[%emt 0:11:30]} Rae8 {[%emt 0:05:45]} 18. c3 {[%emt 0:05:30]} f6 {[%emt 0:02:19]} 19. exf6 {[%emt 0:03:30]} Qxf4 {[%emt 0:00:19]} 20. Bxf4 {[%emt 0:00:30]} Nxf6 {[%emt 0:00:23]} 21. Nxf6+ {[%emt 0:02:28]} Bxf6 {[%emt 0:00:46]} 22. Ne5 {[%emt 0:02:05]} Nxe5 {[%emt 0:02:55]} 23. Bxe5 {[%emt 0:00:08]} Bxe5 {[%emt 0:00:51]} 24. Rxe5 {[%emt 0:00:02]} Rf5 {[%emt 0:00:00]} 25. Rxf5 {[%emt 0:05:11]} exf5 {[%emt 0:00:00]} 26. d4 {[%emt 0:06:14]} Rc8 {[%emt 0:07:48]} 27. cxb4 {[%emt 0:03:34]} cxb4 {[%emt 0:00:30]} 28. Bd3 {[%emt 0:00:00]} g6 {[%emt 0:00:00]} 29. hxg6 {[%emt 0:00:07]} hxg6 {[%emt 0:00:00]} 30. Kg2 {[%emt 0:00:13]} Kg7 {[%emt 0:00:39]} 31. Re1 {[%emt 0:01:41]} Kf6 {[%emt 0:00:05]} 32. Kf1 {[%emt 0:01:52]} a3 {[%emt 0:01:08]} 33. bxa3 {[%emt 0:01:14]} Rc3 {[%emt 0:00:09]} 34. Bb5 {[%emt 0:00:40]} bxa3 {[%emt 0:00:54]} 35. Re3 {[%emt 0:01:09]} Rxe3 {[%emt 0:00:42]} 36. fxe3 {[%emt 0:00:01]} Kg5 {[%emt 0:00:00]} 37. Be2 {[%emt 0:00:18]} Bc6 {[%emt 0:00:16]} 38. Ke1 {[%emt 0:01:14]} Ba4 {[%emt 0:00:30]} 39. Kd2 {[%emt 0:00:30]} Bb3 {[%emt 0:00:00]} 40. Kc3 {[%emt 0:00:09]} Bxa2 {[%emt 0:00:15]} 41. Kb4 {[%emt 0:00:40]} Bb1 {[%emt 0:00:16]} 42. Kxa3 {[%emt 0:05:30]} Be4 {[%emt 0:00:30]} 43. Kb4 {[%emt 0:00:30]} Kf6 {[%emt 0:00:00]} 44. Kc5 {[%emt 0:00:30]} Ke6 {[%emt 0:00:00]} 45. Ba6 {[%emt 0:02:30]} Kd7 {[%emt 0:02:30]} 46. Bb7 {[%emt 0:03:30]} Ke6 {[%emt 0:00:30]} 47. Bc6 {[%emt 0:00:00]} Bf3 {[%emt 0:00:30]} 48. Be8 {[%emt 0:00:00]} Bh5 {[%emt 0:00:30]} 49. Ba4 {[%emt 0:06:15]} Be2 {[%emt 0:00:30]} 50. Kc6 {[%emt 0:02:03]} Bg4 {[%emt 0:01:30]} 51. Kc7 {[%emt 0:00:40]} Ke7 {[%emt 0:00:00]} 52. Bd7 {[%emt 0:00:15]} Bf3 {[%emt 0:01:00]} 53. Bc8 {[%emt 0:00:21]} Bh5 {[%emt 0:01:30]} 54. Kc6 {[%emt 0:01:20]} Bf3 {[%emt 0:00:30]} 55. Kc5 {[%emt 0:00:00]} Be4 {[%emt 0:00:30]} 56. Ba6 {[%emt 0:02:48]} Bf3 {[%emt 0:01:30]} 57. Bb7 {[%emt 0:00:46]} Ke6 {[%emt 0:00:30]} 58. Bc6 {[%emt 0:00:00]} Be4 {[%emt 0:02:30]} 59. Be8 {[%emt 0:00:00]} g5 {[%emt 0:00:00]} 60. Bc6 {[%emt 0:02:48]} Bf3 {[%emt 0:00:00]} 61. Bb7 {[%emt 0:00:29]} Be4 {[%emt 0:02:30]} 62. Bc8+ {[%emt 0:00:39]} Ke7 {[%emt 0:00:30]} 63. Kc6 {[%emt 0:00:20]} 1-0

[Event "World Junior U20 Girls 2018"]
[Site "Gebze"]
[Date "2018.09.10"]
[Round "6"]
[White "Varshini, V."]
[Black "Gomez Barrera, Javiera Belen"]
[Result "1-0"]
[WhiteElo "2173"]
[BlackElo "2035"]
[Annotator "NA"]
[PlyCount "77"]
[EventDate "2018.09.05"]
[EventType "swiss"]
[EventCountry "TUR"]
[SourceTitle "playchess.com"]
[Source "ChessBase"]
[SourceQuality "1"]
[TimeControl "40/5400+30:1800+30"]

1. e4 {[%emt 0:00:30]} e5 {[%emt 0:00:30]} 2. Nf3 {[%emt 0:00:00]} Nc6 {[%emt 0:00:00]} 3. Bb5 {[%emt 0:00:00]} a6 {[%emt 0:00:00]} 4. Ba4 {[%emt 0:00:30]} Nf6 {[%emt 0:00:30]} 5. Qe2 {[%emt 0:00:30] LiveBook: 1725 Games} Bd6 {[%emt 0:00:30]} 6. c3 {[%emt 0:00:30]} O-O {[%emt 0:00:30]} 7. O-O {[%emt 0:00:30]} Re8 {[%emt 0:00:00]} 8. d3 {[%emt 0:06:30]} h6 {[%emt 0:01:00] C77: Ruy Lopez: 3...a6 4 Ba4 Nf6, unusual lines} 9. Rd1 {[%emt 0:01:30]} Bf8 {[%emt 0:00:30]} 10. Nbd2 {[%emt 0:00:30]} b5 {[%emt 0:01:30]} 11. Bc2 {[%emt 0:00:30]} d5 {[%emt 0:00:30]} 12. Nf1 {[%emt 0:00:30]} d4 {[%emt 0:00:30]} 13. Ng3 $146 {[%emt 0:01:30]} ({Predecessor:} 13. h3 Bc5 14. Ng3 Qd6 15. Nh4 Ne7 16. Qf3 {0-1 (29) Matikozian,A (2494)-Gareyev,T (2599) Las Vegas 2010}) 13... a5 {[%emt 0:00:30]} 14. a4 {[%emt 0:07:30]} b4 {[%emt 0:00:30]} 15. cxb4 {[%emt 0:12:30]} axb4 {[%emt 0:32:30]} 16. Nd2 {[%emt 0:06:30]} Na5 {[%emt 0:03:30]} 17. Rf1 {[%emt 0:19:30]} Be6 {[%emt 0:05:30]} 18. Qd1 {[%emt 0:04:30]} Nd7 {[%emt 0:05:30]} 19. Bb3 {[%emt 0:10:30]} Nc5 {[%emt 0:13:30]} 20. Bxe6 {[%emt 0:03:30]} Rxe6 {[%emt 0:00:00]} 21. Nc4 $17 {[%emt 0:03:41]} Nab3 {[%emt 0:10:00]} 22. Rb1 {[%emt 0:00:10]} Nxc1 {[%emt 0:06:47]} 23. Rxc1 {[%emt 0:00:05]} Nxa4 {[%emt 0:00:23]} 24. f4 {[%emt 0:00:49]} exf4 {[%emt 0:02:01]} 25. Rxf4 {[%emt 0:00:05]} Be7 {[%emt 0:06:25]} 26. Rg4 {[%emt 0:06:14]} Bg5 {[%emt 0:02:48]} 27. Nf5 {[%emt 0:04:14]} g6 {[%emt 0:04:25]} 28. h4 {[%emt 0:00:29]} Bxc1 {[%emt 0:01:20]} 29. Qxc1 {[%emt 0:00:05]} Qf8 {[%emt 0:00:08]} 30. Nxh6+ {[%emt 0:01:17]} Kh7 {[%emt 0:00:38]} 31. Qf4 {[%emt 0:01:48]} f6 {[%emt 0:02:29]} 32. h5 {[%emt 0:04:17]} Qxh6 {[%emt 0:00:35]} 33. hxg6+ {[%emt 0:00:06]} Qxg6 {[%emt 0:00:28]} 34. Rxg6 {[%emt 0:01:08]} Kxg6 {[%emt 0:00:01]} 35. Qf5+ {[%emt 0:00:23]} Kf7 {[%emt 0:00:30]} 36. Qh7+ {[%emt 0:00:00]} Ke8 {[%emt 0:00:16]} 37. Qg8+ {[%emt 0:00:08]} Kd7 {[%emt 0:00:00]} 38. Qxa8 {[%emt 0:00:00]} Nc5 {[%emt 0:00:29]} 39. Qd5+ {[%emt 0:00:00]} 1-0